Studies in British politics : (Record no. 36148)
[ view plain ]
| 000 -LEADER | |
|---|---|
| fixed length control field | 00834nam a2200277 i 4500 |
| 001 - CONTROL NUMBER | |
| control field | 36148 |
| 003 - CONTROL NUMBER IDENTIFIER | |
| rucl marc code | BD-RjUL |
| 005 - DATE AND TIME OF LATEST TRANSACTION | |
| control field | 20211209052436.0 |
| 008 - FIXED-LENGTH DATA ELEMENTS--GENERAL INFORMATION | |
| fixed length control field | 140617s1976 enka b 000 0 eng d |
| 020 ## - INTERNATIONAL STANDARD BOOK NUMBER | |
| International Standard Book Number | 0333197968 : |
| -- | 0333197976 |
| 035 ## - SYSTEM CONTROL NUMBER | |
| System control number | (BD-RjUL)36245 |
| 040 ## - CATALOGING SOURCE | |
| Original cataloging agency | DLC |
| Transcribing agency | DLC |
| Modifying agency | DLC |
| Language of cataloging | eng |
| 041 ## - LANGUAGE CODE | |
| Language code of text/sound track or separate title | eng |
| 082 00 - DEWEY DECIMAL CLASSIFICATION NUMBER | |
| Classification number | 320.5920941 |
| Author mark and year | STU 1976 |
| 100 ## - MAIN ENTRY--PERSONAL NAME | |
| Dates associated with a name | 1933- |
| 9 (RLIN) | 110027 |
| 245 10 - TITLE STATEMENT | |
| Title | Studies in British politics : |
| Remainder of title | a reader in political sociology / |
| Statement of responsibility, etc. | edited by Richard Rose. |
| 250 ## - EDITION STATEMENT | |
| Edition statement | 3rd ed. |
| 260 ## - PUBLICATION, DISTRIBUTION, ETC. (IMPRINT) | |
| Place of publication, distribution, etc. | London : |
| Name of publisher, distributor, etc. | Macmillan, |
| Date of publication, distribution, etc. | 1976. |
| 300 ## - PHYSICAL DESCRIPTION | |
| Pagination | xi, 547 p. : |
| Illustrations | ill. ; |
| Size | 23 cm. |
| 504 ## - BIBLIOGRAPHY, ETC. NOTE | |
| Bibliography, etc | Bibliography: p. 511-547. |
| 650 ## - SUBJECT ADDED ENTRY--TOPICAL TERM | |
| Topical term or geographic name as entry element | Great Britain -- Politics and government -- 1945- |
| 9 (RLIN) | 110028 |
| 700 ## - ADDED ENTRY--PERSONAL NAME | |
| Personal name | Rose, Richard, |
| 942 ## - ADDED ENTRY ELEMENTS (KOHA) | |
| Source of classification or shelving scheme | Dewey Decimal Classification |
| Koha item type | Books |
| Lost status | Source of classification or shelving scheme | Damaged status | Not for loan | Collection code | Permanent Location | Current Location | Shelving location | Date acquired | Source of acquisition | Cost, normal purchase price | Total Checkouts | Full call number | Date last seen | Copy number | Koha item type |
|---|---|---|---|---|---|---|---|---|---|---|---|---|---|---|---|
| Dewey Decimal Classification | Not For Loan | Non-fiction | Central Library, University of Rajshahi | Central Library, University of Rajshahi | Reading Room | 08/02/1982 | Heffer | 4.95 | 320.5920941 STU 1976 | 17/06/2014 | C-1 | Books |